Piros ruha, kék ruha a kirakatban

Podrobná bibliografia
Hlavný autor: Szűcsné Kozsár, Zsuzsa (Autor)
Ďalší autori: Rácz, Noémi, 1972- (Ilustrátor)
Médium: Článok
Jazyk:maďarčina
slovenčina
Fyzický popis:Obr. 1
Predmet:

MARC

LEADER 00000nab a2200000 a 4500
001 vtls000601732
003 SK-MaSNL
005 20260303182000.0
008 160314c1996 xo 0 hun
015 |a SNBRB19rr/mm-uuuuu 
035 |a CL0601871 
040 |a SNKBUCL  |b slo  |c SNKBUCL  |e AACR2 
041 0 |a slo 
044 |a xo  |c SK 
080 |a 894.511 (437.6)-3(087.5)=945.11  |2 1981 
100 1 |a Szűcsné Kozsár, Zsuzsa  |4 aut  |9 1209208 
245 1 0 |a Piros ruha, kék ruha a kirakatban  |c Zsuzsa Szűcsné Kozsár ; Illusztr. Noémi Rácz 
300 |b Obr. 1 
650 0 7 |a rozprávky autorské  |2 snkbucl  |9 315429 
700 1 |a Rácz, Noémi,  |d 1972-  |4 ill  |9 101585 
773 0 |t Vasárnap  |g Roč. 29, č. 40 (1996), s. 10 
850 |a Slovenská národná knižnica v Martine  |a DSG001 
852 |a SNK  |b KIS3GCP 
958 |a HU 
958 |a LX 
958 |a SK 
958 |a RK 
958 |a RBX 
999 |c 2114960  |d 2116890